000
00293nam a22001217a 4500
008
190314b xxu||||| |||| 00| 0 eng d
041
_a
eng
080
_a
043.3
100
_a
0
101
_a
SHP-BA
245
_a
Performanca e punonjësve në Komunën e Ferizaj-it
_c
Sahiti,E
942
_2
udc
_c
BK
999
_c
54780
_d
54780